000 00788cam a2200265 4500
001 11534
003 BD-RjUL
005 20211208235136.0
008 140127s1969 nyua b 001 0 eng
020 _a0471892203
035 _a(BD-RjUL)11583
040 _aDLC
_cDLC
_dDLC
_dBD-RjUL
_beng
041 _aeng
082 0 0 _a561.13
_bASP 1969
245 1 0 _aAspects of palynology /
_cEdited by Robert H. Tschudy [and] Richard A. Scott, editors.
260 _aNew York :
_bWiley-Interscience,
_c[c1969.
300 _avii, 510 p. :
_billus. ;
_c26 cm.
504 _aIncludes bibliographical references.
650 0 _aPalynology.
_935633
700 1 _aTschudy, Robert H.
_935687
700 1 _aScott, Richard A.
_9227678
942 _2ddc
_cBK
999 _c11534
_d11534